banner-ar

PRECISIAN MEASUREMENT AND GAGING TECHNIQVES / (Record no. 11533)

MARC details
000 -الفاتح
حقل البيانات ثابتة الطول 00470nam a2200181Ia 4500
008 - عناصر البيانات ثابتة الطول - معلومات عامة
حقل البيانات ثابتة الطول 140319s9999 xx 000 0 eng d
040 ## - مصدر الفهرسة
وكالة الفهرسة الأصلية GCL /
وكالة النسخ GCL
082 04 - رقم تصنيف ديوى العشرى
رقم التصنيف 530.81
رقم المادة G P
100 1# - المدخل الرئيسى - إسم شخصى
الإسم الشخصى GROHE,WILIAM
245 10 - بيان العنوان
العنوان PRECISIAN MEASUREMENT AND GAGING TECHNIQVES /
بيان المسئوليه,etc GROHE,WILIAM
260 ## - PUBLICATION, DISTRIBUTION, ETC. (IMPRINT)
تاريخ النشر أو التوزيع 1960
300 ## - الوصف المادى
التعداد 222P
650 04 - المدخل الاضافى بالموضوع-مصطلح موضوعى
مصطلح موضوعي MEASUREMENT
650 04 - المدخل الاضافى بالموضوع-مصطلح موضوعى
مصطلح موضوعي PHYSICS
650 04 - المدخل الاضافى بالموضوع-مصطلح موضوعى
مصطلح موضوعي GAGE
942 ## - عناصر المدخل الإضافي( كوها)
مصدر التصنيف او مخطط الترفيف Dewey Decimal Classification
Koha [default] item type كتاب
260 ## - PUBLICATION, DISTRIBUTION, ETC. (IMPRINT)
-- [S.N] :
-- CHEMIEAL PUBISING COMPANG,INC ،
Holdings
حالة التراجع حالة الفقد حالة تلف ليس للاعارة المكان المؤقت الموقع الحالى تاريخ الاكتساب اجمالي اﻻعارات رقم الطلب الباركود تاريخ اخر مشاهدة تاريخ تفعيل السعر نوع وعاء كوها
        مكتبة القاهرة الكبرى مكتبة القاهرة الكبرى 03/26/2014   530.81\G P 22752 03/26/2014 03/26/2014 كتاب

Powered By

EGPV